000 00258nam a2200097Ia 4500
082 _aJ 784.8 PRAT
245 0 _aVideo games
100 _a Pratchett, Rhianna New York, [c.2009]
_999252
942 _cBK
008 210817s9999 xx 000 0 und d
999 _c421382
_d421381